[Event "4NCL Division Three Knights"]
[Site "Milton Keynes, ENG"]
[Date "2023.11.12"]
[Round "2.33"]
[White "Faulks, Nick"]
[Black "Thompson, Ian D"]
[Result "1/2-1/2"]
[WhiteElo "1939"]
[BlackElo "2008"]
[PlyCount "120"]
[EventDate "2023.11.12"]
[WhiteTeam "Surbiton"]
[BlackTeam "Crowthorne A"]

1. e4 e6 2. d4 d5 3. Nc3 Be7 4. e5 c5 5. Qg4 g5 6. dxc5 h5 7. Bb5+ Bd7 8. Qe2
Bxc5 9. f4 g4 10. f5 Ne7 11. Bg5 Qb6 12. fxe6 fxe6 13. O-O-O Bxb5 14. Qxb5+
Nbc6 15. h3 Be3+ 16. Bxe3 Qxe3+ 17. Kb1 O-O-O 18. Nge2 Qxe5 19. Na4 Nf5 20.
Rhe1 Qc7 21. Rd3 Rhe8 22. Red1 Nd6 23. Qb3 Ne4 24. Nd4 Nxd4 25. Rxd4 Kb8 26.
Rb4 Rc8 27. a3 Re7 28. Rdd4 Qh2 29. c4 Qxg2 30. cxd5 Nd2+ 31. Rxd2 Qxd2 32.
Qg3+ e5 33. Nc3 gxh3 34. Qxh3 Rxc3 35. bxc3 Qxd5 36. Qxh5 a6 37. Qg6 Rf7 38.
Qe4 Qd1+ 39. Kb2 Qd2+ 40. Qc2 Qg5 41. Qe2 Rd7 42. Kb3 Ka8 43. Qe4 Qh5 44. a4
Qf7+ 45. Qc4 Qxc4+ 46. Rxc4 Kb8 47. Re4 Re7 48. Kc4 Kc7 49. Kc5 Re8 50. a5 Re7
51. c4 Kd7 52. Kd5 Rh7 53. Rxe5 Rh1 54. Kc5 Rh6 55. Rg5 Rc6+ 56. Kd5 Kc7 57.
Rg7+ Kb8 58. Rg8+ Ka7 59. c5 Rh6 60. Rg7 Kb8 1/2-1/2

[Event "4NCL Division Three Knights"]
[Site "Milton Keynes, ENG"]
[Date "2023.11.12"]
[Round "2.34"]
[White "Coates, Kenneth G"]
[Black "Davies, Neil"]
[Result "1/2-1/2"]
[WhiteElo "1944"]
[BlackElo "1886"]
[PlyCount "44"]
[EventDate "2023.11.12"]
[WhiteTeam "Crowthorne A"]
[BlackTeam "Surbiton"]

1. e4 e5 2. Nf3 Nc6 3. Bb5 a6 4. Ba4 Nf6 5. Qe2 d6 6. O-O Be7 7. c3 O-O 8. Rd1
b5 9. Bc2 Bg4 10. d3 Na5 11. Nbd2 c5 12. Nf1 d5 13. h3 Bxf3 14. Qxf3 d4 15. Ng3
g6 16. Bh6 Re8 17. Nf5 Bf8 18. Bxf8 Rxf8 19. Nh6+ Kg7 20. Ng4 Nxg4 21. hxg4 Qg5
22. Qe2 Rfe8 1/2-1/2

[Event "4NCL Division Three Knights"]
[Site "Milton Keynes, ENG"]
[Date "2023.11.12"]
[Round "2.35"]
[White "Boughen, Andrew"]
[Black "Purdon, Colin"]
[Result "0-1"]
[WhiteElo "1825"]
[BlackElo "1936"]
[PlyCount "80"]
[EventDate "2023.11.12"]
[WhiteTeam "Surbiton"]
[BlackTeam "Crowthorne A"]

1. d4 Nf6 2. c4 g6 3. Nc3 d5 4. cxd5 Nxd5 5. Bd2 Bg7 6. e4 Nxc3 7. Bxc3 O-O 8.
Nf3 Bg4 9. Be2 c5 10. d5 Bxc3+ 11. bxc3 e6 12. h3 Bxf3 13. Bxf3 exd5 14. Qxd5
Qa5 15. O-O Nc6 16. Qb3 Qc7 17. Rad1 Rad8 18. Be2 Rfe8 19. Bd3 Ne5 20. Bb5 Rf8
21. a4 c4 22. Qa2 a6 23. f4 axb5 24. fxe5 Qxe5 25. axb5 Qxc3 26. Kh1 Rxd1
27. Rxd1 Qb3 28. Qxb3 cxb3 29. Rb1 Re8 30. Rxb3 Rxe4 31. Kh2 b6 32. g4 Kg7 33.
Kg3 Re5 34. Kf4 Rc5 35. Kg3 h5 36. gxh5 Rxh5 37. Kg4 Rc5 38. Kf4 g5+ 39. Kg4
Kg6 40. Rb4 Rc3 0-1

[Event "4NCL Division Three Knights"]
[Site "Milton Keynes, ENG"]
[Date "2023.11.12"]
[Round "2.36"]
[White "Tart, Peter K"]
[Black "Alcock, Graham P"]
[Result "1/2-1/2"]
[WhiteElo "1959"]
[BlackElo "1773"]
[PlyCount "59"]
[EventDate "2023.11.12"]
[WhiteTeam "Crowthorne A"]
[BlackTeam "Surbiton"]

1. e4 d5 2. exd5 Qxd5 3. Nf3 Bg4 4. Be2 Nc6 5. d4 Nf6 6. O-O O-O-O 7. c4 Qd7 8.
d5 Bxf3 9. Bxf3 Ne5 10. Be2 e6 11. Bf4 Ng6 12. Bg5 exd5 13. Bxf6 gxf6 14. cxd5
Qxd5 15. Qa4 Bc5 16. Rd1 Qe5 17. Nc3 Nf4 18. Bf1 Qf5 19. Ne4 Bb6 20. g3 Ne6 21.
Rac1 Kb8 22. Bg2 Nd4 23. Re1 Rhe8 24. Re3 Ne6 25. Rf3 Qe5 26. Nxf6 Ng5 27. Nxe8
Nxf3+ 28. Bxf3 Rxe8 29. Rd1 a6 30. Qc2 1/2-1/2

[Event "4NCL Division Three Knights"]
[Site "Milton Keynes, ENG"]
[Date "2023.11.12"]
[Round "2.41"]
[White "Brown, Alan M"]
[Black "Buanne, Luca"]
[Result "0-1"]
[WhiteElo "2028"]
[BlackElo "2144"]
[PlyCount "56"]
[EventDate "2023.11.12"]
[WhiteTeam "MK Phoenix"]
[BlackTeam "CSC/Kingston 2"]

1. d4 Nf6 2. c4 e6 3. Nc3 Bb4 4. Qc2 O-O 5. Bg5 c5 6. Nf3 d5 7. cxd5 cxd4 8.
Nxd4 exd5 9. e3 Nbd7 10. Be2 Qa5 11. O-O Bxc3 12. bxc3 Ne4 13. Be7 Re8 14. Bb4
Qb6 15. Rab1 Ne5 16. a4 Qg6 17. f3 a5 18. Bb5 Bd7 19. Bxd7 Nxd7 20. Ba3 Nec5
21. Qxg6 hxg6 22. Rb5 Nxa4 23. Rxb7 Ndb6 24. Nb5 Nc4 25. Nc7 Reb8 26. Rfb1 Rxb7
27. Rxb7 Rc8 28. Nxd5 Rd8 0-1

[Event "4NCL Division Three Knights"]
[Site "Milton Keynes, ENG"]
[Date "2023.11.12"]
[Round "2.42"]
[White "Amato, Giampiero"]
[Black "Elwin, Adrian G"]
[Result "1/2-1/2"]
[WhiteElo "2055"]
[BlackElo "1975"]
[PlyCount "221"]
[EventDate "2023.11.12"]
[WhiteTeam "CSC/Kingston 2"]
[BlackTeam "MK Phoenix"]

1. e4 c6 2. c4 d5 3. cxd5 cxd5 4. exd5 Nf6 5. Nc3 Nxd5 6. Nf3 Nc6 7. Bb5 Nxc3
8. bxc3 Qd5 9. Be2 e5 10. O-O e4 11. Ne1 Bd6 12. d4 exd3 13. Bxd3 Ne5 14. Bb5+
Qxb5 15. Qxd6 Nc4 16. Qg3 Be6 17. Nf3 Qh5 18. Nd4 O-O 19. Nxe6 fxe6 20. Rb1 b5
21. Re1 Rf6 22. Qg5 Qxg5 23. Bxg5 Rf5 24. Bh4 g5 25. Bg3 Kf7 26. Rbd1 Re8 27.
Rd4 Rc5 28. Rd7+ Re7 29. Rxe7+ Kxe7 30. Rd1 Rc6 31. h4 g4 32. h5 Nb6 33. Bh4+
Kf7 34. Rd4 Rc4 35. Rd8 Rxc3 36. Rh8 Rc1+ 37. Kh2 Kg7 38. Re8 Kh6 39. Rxe6+
Kxh5 40. Bg3 Kg5 41. Re5+ Kg6 42. Rxb5 Rc6 43. Ra5 Nc8 44. Bf4 Rc2 45. Be3 h5
46. Kg3 Ne7 47. Bxa7 Nf5+ 48. Kh2 h4 49. a3 g3+ 50. fxg3 hxg3+ 51. Kh3 Rc4 52.
Rxf5 Kxf5 53. Kxg3 Rc3+ 54. Kf2 Rxa3 55. Bb8 Ke4 56. g4 Ra8 57. Bd6 Rd8 58. Bb4
Kf4 59. g5 Rd7 60. g6 Kf5 61. Ke3 Kxg6 62. Ke4 Ra7 63. Kd5 Kf5 64. Bc5 Ra5 65.
Kd4 Ke6 66. Bf8 Ra4+ 67. Kc5 Ra8 68. Bg7 Rc8+ 69. Kd4 Rg8 70. Bh6 Rg4+ 71. Kc5
Rg6 72. Bf4 Rf6 73. Bh2 Rf5+ 74. Kd4 Rd5+ 75. Ke4 Rh5 76. Bb8 Rh4+ 77. Ke3 Kd5
78. Bc7 Rc4 79. Bb8 Re4+ 80. Kf3 Kd4 81. Ba7+ Kd3 82. Kf2 Re2+ 83. Kf3 Re7 84.
Bb6 Rf7+ 85. Kg3 Ke4 86. Bc5 Rf3+ 87. Kg2 Kf4 88. Be7 Kg4 89. Bc5 Rc3 90. Ba7
Rc2+ 91. Kg1 Kf3 92. Bb8 Rg2+ 93. Kh1 Rg7 94. Be5 Rg5 95. Bc7 Kf2 96. Bb6+ Kf1
97. Kh2 Rg6 98. Bd4 Ke2 99. Ba7 Kf3 100. Bc5 Rg2+ 101. Kh1 Rg5 102. Bb6 Rg7
103. Bd4 Rd7 104. Bf6 Kg3 105. Be5+ Kf2 106. Bb8 Rh7+ 107. Bh2 Rb7 108. Be5
Rb1+ 109. Kh2 Rb5 110. Bd4+ Kf3 111. Kh1 1/2-1/2

[Event "4NCL Division Three Knights"]
[Site "Milton Keynes, ENG"]
[Date "2023.11.12"]
[Round "2.43"]
[White "Habershon, Paul F"]
[Black "Evans, Harry G"]
[Result "1-0"]
[WhiteElo "1964"]
[BlackElo "1971"]
[PlyCount "71"]
[EventDate "2023.11.12"]
[WhiteTeam "MK Phoenix"]
[BlackTeam "CSC/Kingston 2"]

1. e4 c6 2. d4 d5 3. exd5 cxd5 4. Bd3 Nc6 5. c3 Nf6 6. Bf4 Bg4 7. Qb3 e5 8.
dxe5 Nh5 9. Be3 Nxe5 10. Bb5+ Nc6 11. Nd2 Nf6 12. Ngf3 a6 13. Bd3 Qd7 14. h3
Be6 15. Nd4 Bd6 16. N2f3 O-O 17. Qc2 Rfc8 18. Qe2 Re8 19. Qd2 Rac8 20. O-O Nxd4
21. Bxd4 Ne4 22. Bxe4 dxe4 23. Nh2 Qc7 24. Ng4 f5 25. Ne3 f4 26. Nc2 Rcd8 27.
Rfe1 Bf5 28. Rad1 Re6 29. Re2 Rg6 30. Be5 Rxg2+ 31. Kxg2 f3+ 32. Kf1 Bxh3+ 33.
Ke1 fxe2 34. Qd5+ Kh8 35. Rd2 Qd7 36. Qxd6 1-0

[Event "4NCL Division Three Knights"]
[Site "Milton Keynes, ENG"]
[Date "2023.11.12"]
[Round "2.44"]
[White "Stimpson, Philip M"]
[Black "Valentine, Brian J"]
[Result "0-1"]
[WhiteElo "1905"]
[BlackElo "1939"]
[PlyCount "68"]
[EventDate "2023.11.12"]
[WhiteTeam "CSC/Kingston 2"]
[BlackTeam "MK Phoenix"]

1. e4 e5 2. Nf3 Nc6 3. d4 exd4 4. Bc4 Nf6 5. e5 d5 6. Bb5 Ne4 7. Nxd4 Bd7 8.
Bxc6 bxc6 9. O-O Bc5 10. f3 Ng5 11. f4 Ne4 12. Be3 Bb6 13. Nc3 c5 14. Nb3 c4
15. Bxb6 axb6 16. Nxe4 cxb3 17. Qxd5 bxa2 18. Rfd1 Ra5 19. Qd2 Qe7 20. b4 Ra7
21. c4 Bg4 22. Re1 O-O 23. Rxa2 Rxa2 24. Qxa2 Qxb4 25. Rb1 Qe7 26. Qa7 Qd7 27.
Nf2 Bf5 28. Rd1 Qc6 29. Qa2 h5 30. Qb3 Be6 31. Rc1 Qc5 32. Kf1 Rd8 33. Nd3 Qd4
34. Rc3 b5 0-1

[Event "4NCL Division Three Knights"]
[Site "Milton Keynes, ENG"]
[Date "2023.11.12"]
[Round "2.45"]
[White "Williamson, Kevin J"]
[Black "Vachtfeidl, Petr"]
[Result "0-1"]
[WhiteElo "1852"]
[BlackElo "1952"]
[PlyCount "90"]
[EventDate "2023.11.12"]
[WhiteTeam "MK Phoenix"]
[BlackTeam "CSC/Kingston 2"]

1. d4 Nf6 2. Nf3 d5 3. e3 g6 4. c4 Bg7 5. Nc3 O-O 6. cxd5 Nxd5 7. Bc4 Nb6 8.
Bb3 Nc6 9. O-O e5 10. d5 Na5 11. Bc2 c6 12. dxc6 Nxc6 13. e4 Bg4 14. Qxd8 Rfxd8
15. Be3 Nd4 16. Bd1 Be6 17. Nd2 Rac8 18. Bb3 Bxb3 19. Nxb3 Nc4 20. Nd5 Kf8 21.
Bg5 Rd7 22. Nxd4 exd4 23. Rac1 h6 24. Bf4 Rdd8 25. b3 Nb2 26. Bd6+ Ke8 27. Bc7
Rd7 28. Bg3 Rxc1 29. Rxc1 f5 30. f3 d3 31. Be1 fxe4 32. fxe4 Bd4+ 33. Kh1
Rf7 34. Rc8+ Kd7 35. Rc7+ Ke6 36. Rxf7 Kxf7 37. Bd2 g5 38. g3 Ke6 39. Kg2 Ke5
40. Kf3 g4+ 41. Kxg4 Kxe4 42. Nc3+ Bxc3 43. Bxc3 Ke3 44. Kh5 Nd1 45. Be5 Ke2
0-1

[Event "4NCL Division Three Knights"]
[Site "Milton Keynes, ENG"]
[Date "2023.11.12"]
[Round "2.46"]
[White "Cooke, Charlie"]
[Black "Matthews, Adrian M S"]
[Result "0-1"]
[WhiteElo "1747"]
[BlackElo "1847"]
[PlyCount "76"]
[EventDate "2023.11.12"]
[WhiteTeam "CSC/Kingston 2"]
[BlackTeam "MK Phoenix"]

1. d4 Nf6 2. c4 c5 3. e3 cxd4 4. exd4 g6 5. Nf3 Bg7 6. Nc3 O-O 7. Be2 d5 8. h3
Nc6 9. c5 Ne4 10. Be3 f5 11. a3 f4 12. Bc1 e6 13. Bb5 Qf6 14. Ne2 g5 15. b4 a5
16. Bxc6 bxc6 17. Qa4 Ba6 18. Qc2 axb4 19. axb4 Bb5 20. Bb2 Rxa1+ 21. Bxa1 Ra8
22. O-O h5 23. Bb2 g4 24. Ne5 f3 25. Ng3 Nxg3 26. fxg3 Bxf1 27. Kxf1 fxg2+ 28.
Kxg2 Rf8 29. Qe2 gxh3+ 30. Kxh3 Qf5+ 31. Kg2 Bxe5 32. dxe5 Qe4+ 33. Qxe4 dxe4
34. Bc3 Rf3 35. Be1 Kf7 36. Kh3 Ke7 37. Kh4 Rf5 38. Bc3 e3 0-1

[Event "4NCL Division Three Knights"]
[Site "Milton Keynes, ENG"]
[Date "2023.11.12"]
[Round "2.51"]
[White "Waddington, Mike P"]
[Black "Horton, Andrew P"]
[Result "0-1"]
[WhiteElo "2123"]
[BlackElo "2366"]
[PlyCount "72"]
[EventDate "2023.11.12"]
[WhiteTeam "Poole Patzers"]
[BlackTeam "Wotton Hall"]

1. e4 e5 2. Nf3 Nc6 3. d4 exd4 4. Nxd4 Nf6 5. Nxc6 bxc6 6. e5 Qe7 7. Qe2 Nd5 8.
c4 Nb6 9. Nc3 Bb7 10. Bf4 O-O-O 11. O-O-O f6 12. h4 Re8 13. exf6 Qf7 14. Qg4
gxf6 15. Qf5 Qg6 16. Bd3 Bh6 17. Bxh6 Qxh6+ 18. Kb1 Re5 19. Qg4 c5 20. a4 a5
21. Ka2 Bc6 22. Ka3 Rhe8 23. Rhf1 R5e7 24. Nd5 Bxd5 25. cxd5 Rg7 26. Qf3 Qxh4
27. Ba6+ Kb8 28. b3 Qb4+ 29. Ka2 d6 30. Bb5 Re5 31. Qxf6 Rge7 32. Qf8+ Ka7 33.
Qf3 c4 34. Rb1 Re2+ 35. Rb2 Rxb2+ 36. Kxb2 Qd2+ 0-1

[Event "4NCL Division Three Knights"]
[Site "Milton Keynes, ENG"]
[Date "2023.11.12"]
[Round "2.52"]
[White "Robson, Ian A"]
[Black "Duggan, Michael F G"]
[Result "1/2-1/2"]
[WhiteElo "2097"]
[BlackElo "2039"]
[PlyCount "26"]
[EventDate "2023.11.12"]
[WhiteTeam "Wotton Hall"]
[BlackTeam "Poole Patzers"]

1. e4 c5 2. c3 d5 3. exd5 Qxd5 4. d4 e5 5. dxe5 Qxe5+ 6. Be2 Nf6 7. Nf3 Qc7 8.
O-O Be7 9. Bg5 O-O 10. Nbd2 Bf5 11. Nc4 Nc6 12. Qc1 Nd5 13. Bxe7 Ncxe7 1/2-1/2

[Event "4NCL Division Three Knights"]
[Site "Milton Keynes, ENG"]
[Date "2023.11.12"]
[Round "2.53"]
[White "Weatherlake, John P"]
[Black "Ashworth, Michael"]
[Result "1/2-1/2"]
[WhiteElo "2036"]
[BlackElo "2007"]
[PlyCount "133"]
[EventDate "2023.11.12"]
[WhiteTeam "Poole Patzers"]
[BlackTeam "Wotton Hall"]

1. e4 c5 2. Nf3 g6 3. d4 cxd4 4. Nxd4 Nc6 5. Nc3 Bg7 6. Be3 Nf6 7. Bc4 O-O 8. Bb3
a5 9. O-O a4 10. Nxa4 Nxe4 11. Nb5 Ra6 12. Qe2 d6 13. c4 Nf6 14. Rad1 Bd7 15.
Rfe1 Na5 16. Bc2 Be6 17. b3 Qb8 18. Bb6 Rc8 19. f3 Nd7 20. Bd4 Nxc4 21. Bxg7
Kxg7 22. Nd4 Nce5 23. Nxe6+ fxe6 24. f4 b5 25. Nb2 Nf7 26. Bd3 Rxa2 27. Bb1 Ra6
28. Qxe6 Nc5 29. Qxe7 Nxb3 30. Kh1 b4 31. f5 gxf5 32. Bxf5 Rc7 33. Qh4 Nc5 34.
Re3 Ra3 35. Qxh7+ Kf8 36. Re2 Qd8 37. Rf1 Qf6 38. Ref2 Qh6 39. Qg6 Qxg6 40.
Bxg6 Raa7 41. Kg1 Kg7 42. Bxf7 Rxf7 43. Rxf7+ Rxf7 44. Rxf7+ Kxf7 45. Kf2 Kf6
46. Ke3 Ne6 47. Nd3 b3 48. Kd2 Kf5 49. Kc3 Ke4 50. Nf2+ Ke3 51. Ng4+ Kf4 52.
Nf6 Nc5 53. h4 Kf5 54. Ne8 d5 55. Nd6+ Kg4 56. Nb5 Kxh4 57. Nd4 Kg3 58.
Nxb3 Nxb3 59. Kxb3 Kf2 60. Kc3 Ke3 61. Kc2 Ke2 62. Kc3 Ke3 63. Kc2 d4 64. Kd1
d3 65. g4 Kf4 66. Kd2 Kxg4 67. Kxd3 1/2-1/2

[Event "4NCL Division Three Knights"]
[Site "Milton Keynes, ENG"]
[Date "2023.11.12"]
[Round "2.54"]
[White "Ashworth, Robert"]
[Black "Bowden, Madison B"]
[Result "1/2-1/2"]
[WhiteElo "1875"]
[BlackElo "1984"]
[PlyCount "99"]
[EventDate "2023.11.12"]
[WhiteTeam "Wotton Hall"]
[BlackTeam "Poole Patzers"]

1. e4 d6 2. d4 Nf6 3. Nc3 g6 4. Be3 c6 5. a4 a5 6. h3 Bg7 7. Nf3 O-O 8. Be2 Qc7
9. O-O e5 10. Qd2 Re8 11. dxe5 dxe5 12. Rad1 Bf8 13. Bc4 Be6 14. Bxe6 Rxe6 15.
Qe2 Nbd7 16. Qc4 Nb6 17. Qb3 Bb4 18. Na2 c5 19. Ng5 Rc6 20. c3 c4 21. Qc2 Bc5
22. Bxc5 Rxc5 23. b4 cxb3 24. Qxb3 h6 25. Nxf7 Qxf7 26. Qxb6 Rc6 27. Qb2 Nxe4
28. Rde1 Nc5 29. Qc2 Re8 30. Re3 Qd7 31. Rg3 Kh7 32. Rd1 Rd6 33. Rxd6 Qxd6 34.
c4 e4 35. Nc3 Qd4 36. Nd5 Rf8 37. Ne3 Nd3 38. Qb3 b6 39. Qa3 Rf7 40. Nd1 Nxf2
41. Nxf2 Qxf2+ 42. Kh2 Qf5 43. Qd6 Rd7 44. Qxb6 h5 45. Qb5 Qe6 46. Qc5 Rd3
47. Qc7+ Kh6 48. Qf4+ Kh7 49. Qc7+ Rd7 50. Qc5 1/2-1/2

[Event "4NCL Division Three Knights"]
[Site "Milton Keynes, ENG"]
[Date "2023.11.12"]
[Round "2.55"]
[White "Smith, Richard"]
[Black "Moldovan, Alexandru-Mitic"]
[Result "0-1"]
[WhiteElo "1923"]
[BlackElo "1813"]
[PlyCount "34"]
[EventDate "2023.11.12"]
[WhiteTeam "Poole Patzers"]
[BlackTeam "Wotton Hall"]

1. e4 e5 2. Nf3 Nf6 3. Nxe5 Nc6 4. Nxc6 dxc6 5. Nc3 Bc5 6. h3 O-O 7. Be2 Qd4 8.
O-O Nxe4 9. Nxe4 Qxe4 10. d3 Qg6 11. Bh5 Qf6 12. Qf3 Qh4 13. c3 g6 14. Bh6 Re8
15. Rfe1 Be6 16. Re5 Bd5 17. Qe2 Rxe5 0-1

[Event "4NCL Division Three Knights"]
[Site "Milton Keynes, ENG"]
[Date "2023.11.12"]
[Round "2.56"]
[White "Norris, Zack"]
[Black "Clancy, Martin J"]
[Result "1/2-1/2"]
[WhiteElo "1602"]
[BlackElo "1809"]
[PlyCount "44"]
[EventDate "2023.11.12"]
[WhiteTeam "Wotton Hall"]
[BlackTeam "Poole Patzers"]

1. c4 Nf6 2. Nc3 g6 3. g3 Bg7 4. Bg2 O-O 5. e3 e5 6. Nge2 Nc6 7. O-O d6 8. d4
Bd7 9. d5 Ne7 10. e4 Ne8 11. f4 Qc8 12. fxe5 Bxe5 13. Bg5 f6 14. Be3 Ng7 15.
Qd2 Bg4 16. Bf4 Qd7 17. Bh6 Rf7 18. Bxg7 Kxg7 19. Nf4 Raf8 20. Nce2 g5 21.
Nd3 Ng6 22. Nf2 Bxe2 1/2-1/2

[Event "4NCL Division Three Knights"]
[Site "Milton Keynes, ENG"]
[Date "2023.11.12"]
[Round "2.61"]
[White "Gill, Oliver"]
[Black "Skulte, Christopher"]
[Result "1-0"]
[WhiteElo "2261"]
[BlackElo "2053"]
[PlyCount "39"]
[EventDate "2023.11.12"]
[WhiteTeam "Wessex A"]
[BlackTeam "Celtic Tigers 2"]

1. e4 e5 2. Nf3 Nf6 3. d4 Nxe4 4. Bd3 d5 5. Nxe5 Nd7 6. Nxd7 Bxd7 7. O-O Bd6 8.
c4 O-O 9. Qc2 f5 10. Nc3 c6 11. cxd5 cxd5 12. Nxd5 Bc6 13. Nf4 Bxf4 14. Bxf4
Qxd4 15. Qc4+ Qd5 16. Rfd1 Rad8 17. f3 Nc5 18. Bf1 Qxc4 19. Bxc4+ Kh8 20. Bd6
1-0

[Event "4NCL Division Three Knights"]
[Site "Milton Keynes, ENG"]
[Date "2023.11.12"]
[Round "2.62"]
[White "Kelmendi, Bajrush"]
[Black "Wilson, Jaimie"]
[Result "1-0"]
[WhiteElo "2057"]
[BlackElo "2125"]
[PlyCount "115"]
[EventDate "2023.11.12"]
[WhiteTeam "Celtic Tigers 2"]
[BlackTeam "Wessex A"]

1. e4 e5 2. c4 Nf6 3. Nc3 Bc5 4. d3 d6 5. Be2 Nc6 6. Be3 Nd4 7. Nf3 Nxf3+ 8.
Bxf3 Bxe3 9. fxe3 O-O 10. O-O Be6 11. b4 c6 12. Qd2 Qe7 13. a4 Rad8 14. Rab1 d5
15. exd5 cxd5 16. c5 e4 17. Be2 exd3 18. Bxd3 Ne4 19. Bxe4 dxe4 20. Qe2 f5 21.
Rfd1 Rxd1+ 22. Rxd1 a5 23. Qb5 axb4 24. Qxb4 Qg5 25. Qd4 h6 26. Ne2 Qe7 27. Nf4
Bf7 28. g3 Rc8 29. Qd6 Qe8 30. Nd5 Bxd5 31. Qxd5+ Qf7 32. Qxf7+ Kxf7 33. Rd7+
Kf6 34. Rxb7 Rxc5 35. Rb6+ Kg5 36. Rb2 Rc3 37. Ra2 Rxe3 38. a5 Rd3 39. a6 Rd8
40. a7 Ra8 41. Kf2 Kg4 42. Kg2 g6 43. Ra6 Kg5 44. h3 Kh5 45. Kf2 Kg5 46. Ke3
Kh5 47. Kf4 g5+ 48. Ke3 f4+ 49. gxf4 g4 50. Kxe4 gxh3 51. Kf3 h2 52. Kg2 Kg4
53. Ra4 h5 54. Kxh2 Kf5 55. Kh3 Kf6 56. Kh4 Kf5 57. Kg3 Kf6 58. Ra5 1-0

[Event "4NCL Division Three Knights"]
[Site "Milton Keynes, ENG"]
[Date "2023.11.12"]
[Round "2.63"]
[White "Pye, David E"]
[Black "Stevenson, James"]
[Result "1/2-1/2"]
[WhiteElo "2141"]
[BlackElo "2118"]
[PlyCount "60"]
[EventDate "2023.11.12"]
[WhiteTeam "Wessex A"]
[BlackTeam "Celtic Tigers 2"]

1. e4 c6 2. Nf3 d5 3. d3 dxe4 4. dxe4 Qxd1+ 5. Kxd1 Bg4 6. Be2 Nd7 7. Ne1 Bxe2+
8. Kxe2 e5 9. Nd3 Ngf6 10. f3 Bd6 11. a4 Nc5 12. Nxc5 Bxc5 13. c3 a5 14. Nd2
Nd7 15. Nc4 f6 16. Rd1 Ke7 17. Nxa5 Rxa5 18. b4 Ra6 19. bxc5 Rha8 20. Be3 Rxa4
21. Rxa4 Rxa4 22. Rb1 Ra2+ 23. Kf1 Ra7 24. Ke2 Kd8 25. Rb2 Kc7 26. Kd3 Ra5 27.
Kc4 Ra4+ 28. Kd3 Ra5 29. Kc4 Ra4+ 30. Kd3 Ra5 1/2-1/2

[Event "4NCL Division Three Knights"]
[Site "Milton Keynes, ENG"]
[Date "2023.11.12"]
[Round "2.64"]
[White "Serbanescu, Diana-Maria"]
[Black "McDougall, William"]
[Result "1/2-1/2"]
[WhiteElo "2050"]
[BlackElo "2098"]
[PlyCount "44"]
[EventDate "2023.11.12"]
[WhiteTeam "Celtic Tigers 2"]
[BlackTeam "Wessex A"]

1. e4 c5 2. c3 d5 3. exd5 Nf6 4. d4 Nxd5 5. Bc4 e6 6. Nf3 cxd4 7. cxd4 Bb4+ 8.
Nbd2 O-O 9. O-O Bxd2 10. Bxd2 b6 11. Re1 Ba6 12. Bb3 Nc6 13. Bg5 Qd6 14. a3
Rac8 15. Bh4 Rfe8 16. Bg3 Qd8 17. Bh4 Qd6 18. Bc2 f5 19. Bg3 Qd8 20. Bh4 Qd6
21. Bg3 Qd8 22. Bh4 Qd6 1/2-1/2

[Event "4NCL Division Three Knights"]
[Site "Milton Keynes, ENG"]
[Date "2023.11.12"]
[Round "2.65"]
[White "Lukosius, Rolandas"]
[Black "Yedid, Lior"]
[Result "1/2-1/2"]
[WhiteElo "2086"]
[BlackElo "1792"]
[PlyCount "71"]
[EventDate "2023.11.12"]
[WhiteTeam "Wessex A"]
[BlackTeam "Celtic Tigers 2"]

1. d4 Nf6 2. c4 e6 3. Nf3 d5 4. Nc3 Nbd7 5. Bg5 Be7 6. e3 h6 7. Bh4 O-O 8. Rc1
a6 9. Bd3 dxc4 10. Bxc4 b5 11. Bd3 Bb7 12. O-O c5 13. Bb1 Rc8 14. Qe2 cxd4 15.
Nxd4 Nc5 16. Rfd1 Qb6 17. b4 Ncd7 18. a3 Ne5 19. e4 Rfd8 20. Nf3 Ng6 21. Rxd8+
Bxd8 22. Bg3 Nh5 23. Qd2 Nxg3 24. hxg3 Bf6 25. Ne2 Rd8 26. Qc2 Ne5 27. Nxe5
Bxe5 28. Kf1 Rc8 29. Qd1 Rd8 30. Qc2 Qd6 31. f4 Bd4 32. Rd1 Qb6 33. Nxd4 Rxd4
34. Rxd4 Qxd4 35. Qd3 Qb2 36. Bc2 1/2-1/2

[Event "4NCL Division Three Knights"]
[Site "Milton Keynes, ENG"]
[Date "2023.11.12"]
[Round "2.66"]
[White "Tivillier, Jacques"]
[Black "De Coverly, Roger D"]
[Result "0-1"]
[WhiteElo "1748"]
[BlackElo "1984"]
[PlyCount "76"]
[EventDate "2023.11.12"]
[WhiteTeam "Celtic Tigers 2"]
[BlackTeam "Wessex A"]

1. e4 e5 2. Nf3 Nc6 3. Bc4 Nf6 4. d3 Be7 5. a4 O-O 6. O-O d6 7. c3 Na5 8. Ba2
c5 9. h3 h6 10. Re1 a6 11. d4 Qc7 12. d5 c4 13. Na3 Bd7 14. Nd2 b5 15. axb5
axb5 16. Qf3 Nb7 17. b3 cxb3 18. Nxb3 Ra4 19. Bb2 Rfa8 20. Bb1 Nc5 21. Bc2 R4a7
22. Nd2 Na4 23. Bxa4 Rxa4 24. Nc2 Qb7 25. Ba3 R8a7 26. Bb4 Ra2 27. Rxa2 Rxa2
28. Rc1 Ne8 29. Nf1 Bg5 30. Nce3 Qb6 31. Re1 g6 32. Kh2 f5 33. exf5 gxf5 34.
Re2 e4 35. Qh5 Ng7 36. Qg6 Rxe2 37. h4 Bf4+ 38. Kg1 Be8 0-1

[Event "4NCL Division Three Knights"]
[Site "Warwick, ENG"]
[Date "2024.01.13"]
[Round "3.11"]
[White "Brown, Thomas"]
[Black "Pedersen, Carsten"]
[Result "1-0"]
[WhiteElo "2095"]
[BlackElo "2054"]
[PlyCount "59"]
[EventDate "2024.01.13"]
[WhiteTeam "Rhyfelwyr Essyllwg"]
[BlackTeam "Celtic Tigers 2"]

1. d4 e6 2. c4 Nf6 3. Nc3 Bb4 4. a3 Bxc3+ 5. bxc3 c5 6. f3 Nc6 7. e4 d6 8. Ne2 b6 9. Bg5 h6 10. Bh4 Na5 11. Nc1 Qd7 12. Nb3 Qa4 13. Nxa5 Qxa5 14. Qd2 Nd7 15. Be2 O-O 16. Be7 Re8 17. Bxd6 Ba6 18. O-O cxd4 19. Bb4 Qa4 20. cxd4 Rac8 21. Rfc1 Red8 22. Qc2 Qxc2 23. Rxc2 e5 24. d5 Nc5 25. Rb1 Rc7 26. a4 Nb7 27. Ra1 Rdc8 28. a5 Bxc4 29. axb6 axb6 30. d6 1-0

[Event "4NCL Division Three Knights"]
[Site "Warwick, ENG"]
[Date "2024.01.13"]
[Round "3.12"]
[White "Franco, Gaston"]
[Black "Heaven, Pete"]
[Result "0-1"]
[WhiteElo "2040"]
[BlackElo "1959"]
[PlyCount "58"]
[EventDate "2024.01.13"]
[WhiteTeam "Celtic Tigers 2"]
[BlackTeam "Rhyfelwyr Essyllwg"]

1. e4 c5 2. Nf3 d6 3. d4 cxd4 4. Nxd4 Nf6 5. Nc3 a6 6. Bc4 e6 7. Bb3 b5 8. O-O Be7 9. Qf3 Qc7 10. Bg5 O-O 11. Nf5 exf5 12. Bxf6 Bxf6 13. Nd5 Qa7 14. Nxf6+ gxf6 15. Bd5 Nd7 16. Rad1 Rb8 17. Qxf5 Ne5 18. Qxf6 Qd7 19. f4 Ng4 20. Qh4 Qd8 21. Qg3 Kh8 22. Kh1 Qe7 23. h3 Nf6 24. Qc3 Be6 25. e5 Bxd5 26. exd6 Bxg2+ 27. Kh2 Qd8 28. d7 Bxf1 29. Rxf1 Rb6 0-1

[Event "4NCL Division Three Knights"]
[Site "Warwick, ENG"]
[Date "2024.01.13"]
[Round "3.13"]
[White "Hewitt, William"]
[Black "Lukic, Lazar"]
[Result "1/2-1/2"]
[WhiteElo "1983"]
[BlackElo "1911"]
[PlyCount "74"]
[EventDate "2024.01.13"]
[WhiteTeam "Rhyfelwyr Essyllwg"]
[BlackTeam "Celtic Tigers 2"]

1. e4 e5 2. Nf3 Nc6 3. Nc3 Bc5 4. Nxe5 Bxf2+ 5. Kxf2 Nxe5 6. d4 Nc6 7. Be3 d6 8. Be2 Qh4+ 9. g3 Qd8 10. Kg2 Nf6 11. Rf1 h6 12. Qd2 Qe7 13. Nd5 Nxd5 14. exd5 Nd8 15. Rae1 O-O 16. Bd3 Qd7 17. c4 Qh3+ 18. Kg1 Bg4 19. Be4 f5 20. Bg2 Qh5 21. c5 Nf7 22. Bf4 g5 23. Be3 Rae8 24. b4 Nh8 25. Qf2 Ng6 26. Qc2 f4 27. Be4 Rxe4 28. Qxe4 Bf5 29. Qf3 g4 30. Qg2 fxe3 31. Rxe3 Qg5 32. Rfe1 Qf6 33. Qd2 h5 34. a4 h4 35. b5 h3 36. a5 Qf7 37. Qa2 Qf6 1/2-1/2